WWE NXT - Active Women's Roster - Statistics

General Stats
  • This quiz has been taken 151 times
    11 since last reset
  • The average score is 12 of 17
Answer Stats
Hint Answer % Correct
NXT Women's Champion Lola Vice
100%
NXT Women's North American Champion Tatum Paxley
100%
Superstar Izzi Dame
90%
Superstar Jaida Parker
90%
Women's Speed Champion Wren Sinclair
90%
Superstar Kendal Grey
80%
Superstar Kali Armstrong
70%
Superstar Kelani Jordan
70%
Superstar Nikkita Lyons
70%
Superstar Thea Hail
70%
Superstar Zaria
70%
Superstar Karmen Petrovic
60%
Superstar Arianna Grace
50%
Superstar Blake Monroe
50%
Superstar Wendy Choo
50%
Superstar Adriana Rizzo
30%
Superstar Skylar Raye
20%
No matching quizzes found
Score Distribution
Percent of People with Each Score
Percentile by Number Answered
Your Score History
You have not taken this quiz since the last reset